CROP SCIENCE. (Record no. 182218)
[ view plain ]
| 000 -LEADER | |
|---|---|
| fixed length control field | 00544cas7a220016900 4500 |
| 001 - CONTROL NUMBER | |
| control field | zam00005656 |
| 008 - FIXED-LENGTH DATA ELEMENTS--GENERAL INFORMATION | |
| fixed length control field | 951212n xx eng u |
| 022 ## - INTERNATIONAL STANDARD SERIAL NUMBER | |
| International Standard Serial Number | 0011183X |
| 035 ## - SYSTEM CONTROL NUMBER | |
| System control number | (Sirsi) r22840 |
| 050 ## - LIBRARY OF CONGRESS CALL NUMBER | |
| Classification number | SB183.C7S39 |
| 245 ## - TITLE STATEMENT | |
| Title | CROP SCIENCE. |
| 260 ## - PUBLICATION, DISTRIBUTION, ETC. | |
| Place of publication, distribution, etc. | Madison |
| Name of publisher, distributor, etc. | Crop Science Society of America |
| Date of publication, distribution, etc. | 1970. |
| 310 ## - CURRENT PUBLICATION FREQUENCY | |
| Current publication frequency | Bi-monthly. |
| 362 ## - DATES OF PUBLICATION AND/OR SEQUENTIAL DESIGNATION | |
| Dates of publication and/or sequential designation | Vol. 10, No. 2, 1970 - Vol. 30, No. 5, 1990. |
| 520 ## - SUMMARY, ETC. | |
| Summary, etc. | It contains reports on recent developments on crop breeding, genetics, crop physiology and ecology. |
| 650 ## - SUBJECT ADDED ENTRY--TOPICAL TERM | |
| Topical term or geographic name entry element | Crops. |
No items available.